[Event "XtraCon-Skakligaen"]
[Site "Denmark"]
[Date "2009.02.22"]
[Round "7.8"]
[White "Dragicevic, Drazen"]
[Black "Molin, Claus"]
[Result "1-0"]
[WhiteElo "2181"]
[BlackElo "2003"]
[PlyCount "65"]
[EventDate "2008.11.01"]
[EventType "team-tourn"]
[EventRounds "9"]
[EventCountry "DEN"]
[WhiteTeam "Helsinge"]
[BlackTeam "Helsingor"]
[WhiteTeamCountry "DEN"]
[BlackTeamCountry "DEN"]

1. e4 e5 2. Nf3 Nc6 3. Bb5 a6 4. Ba4 Nf6 5. d3 d6 6. c3 Be7 7. O-O O-O 8. Re1
b5 9. Bc2 Re8 10. a4 Bb7 11. Na3 Nb8 12. d4 Nbd7 13. Bg5 c6 14. Qd3 d5 15. Nxe5
Nxe5 16. dxe5 Nxe4 17. Bxe7 Qxe7 18. f3 Qc5+ 19. Re3 Rxe5 20. Qd4 Qe7 21. fxe4
f5 22. b4 fxe4 23. Rf1 Re8 24. Nb1 Bc8 25. Nd2 Qd6 26. Nxe4 Qe7 27. axb5 axb5
28. Ref3 dxe4 29. Bb3+ Be6 30. Qxe5 exf3 31. Re1 Qf7 32. gxf3 Qg6+ 33. Kh1 1-0

[Event "XtraCon-Skakligaen"]
[Site "Denmark"]
[Date "2009.03.21"]
[Round "8.1"]
[White "Lund, Silas"]
[Black "Hector, Jonny"]
[Result "0-1"]
[WhiteElo "2425"]
[BlackElo "2552"]
[PlyCount "82"]
[EventDate "2008.11.01"]
[EventType "team-tourn"]
[EventRounds "9"]
[EventCountry "DEN"]
[WhiteTeam "K41"]
[BlackTeam "Nordkalotten"]
[WhiteTeamCountry "DEN"]
[BlackTeamCountry "DEN"]

1. d4 d5 2. c4 c6 3. Nf3 Nf6 4. e3 Bf5 5. Nc3 e6 6. Nh4 Be4 7. f3 Bg6 8. Qb3 b5
9. cxd5 exd5 10. a4 b4 11. Ne2 Bd6 12. Nxg6 hxg6 13. Bd2 Nbd7 14. Qd1 Nh5 15.
Kf2 c5 16. g3 cxd4 17. exd4 f5 18. Bg2 O-O 19. Rc1 f4 20. g4 Nhf6 21. Qb3 Nb6
22. g5 Nh5 23. Rc6 Nc4 24. Rc1 Kh7 25. R1xc4 dxc4 26. Qxc4 Rc8 27. Bh3 Rxc6 28.
Qxc6 Qe7 29. Qd7 Rd8 30. Qxe7 Bxe7 31. Be6 a5 32. d5 Bxg5 33. Nd4 Nf6 34. Nc6
Rd6 35. Nxa5 Nxd5 36. Bf7 Rd7 37. Be6 Bh4+ 38. Kf1 Ne3+ 39. Bxe3 Rd1+ 40. Ke2
Re1+ 41. Kd2 fxe3+ 0-1

[Event "XtraCon-Skakligaen"]
[Site "Denmark"]
[Date "2009.03.21"]
[Round "8.2"]
[White "Brynell, Stellan"]
[Black "Semcesen, Daniel"]
[Result "1-0"]
[WhiteElo "2447"]
[BlackElo "2402"]
[PlyCount "89"]
[EventDate "2008.11.01"]
[EventType "team-tourn"]
[EventRounds "9"]
[EventCountry "DEN"]
[WhiteTeam "Nordkalotten"]
[BlackTeam "K41"]
[WhiteTeamCountry "DEN"]
[BlackTeamCountry "DEN"]

1. d4 d5 2. c4 c6 3. Nc3 dxc4 4. e4 b5 5. a4 b4 6. Na2 Nf6 7. e5 Nd5 8. Bxc4 e6
9. Nf3 a5 10. Bg5 Qb6 11. Nc1 h6 12. Bd2 Ba6 13. Qe2 Bxc4 14. Qxc4 Nd7 15. Nb3
c5 16. O-O cxd4 17. Rfe1 Be7 18. Nfxd4 O-O 19. Rac1 Rfe8 20. Nf3 Bf8 21. Be3
Qb8 22. Bd4 Rc8 23. Qxc8 Qxc8 24. Rxc8 Rxc8 25. Nxa5 Ra8 26. Nb3 Rxa4 27. Kf1
Be7 28. g3 Bd8 29. Ke2 Bb6 30. Kd3 Bxd4 31. Kxd4 Ra2 32. Rb1 g5 33. Ne1 Kg7 34.
Nd3 Kg6 35. g4 h5 36. h3 h4 37. Ra1 Rxa1 38. Nxa1 f6 39. exf6 Kxf6 40. Nc2 b3
41. Na1 Nf8 42. Nxb3 Ng6 43. Nbc5 Nge7 44. Ne4+ Kg6 45. Ke5 1-0

[Event "XtraCon-Skakligaen"]
[Site "Denmark"]
[Date "2009.03.21"]
[Round "8.3"]
[White "Smith, Axel"]
[Black "Jakobsen, Peter"]
[Result "1/2-1/2"]
[WhiteElo "2391"]
[BlackElo "2219"]
[PlyCount "130"]
[EventDate "2008.11.01"]
[EventType "team-tourn"]
[EventRounds "9"]
[EventCountry "DEN"]
[WhiteTeam "K41"]
[BlackTeam "Nordkalotten"]
[WhiteTeamCountry "DEN"]
[BlackTeamCountry "DEN"]

1. e4 c5 2. Nf3 d6 3. d4 cxd4 4. Nxd4 Nf6 5. Nc3 a6 6. Be3 e5 7. Nb3 Be6 8. f3
Be7 9. Qd2 O-O 10. O-O-O Nbd7 11. g4 b5 12. g5 b4 13. Ne2 Ne8 14. f4 a5 15. f5
a4 16. Nbd4 exd4 17. Nxd4 b3 18. Kb1 bxc2+ 19. Nxc2 Bxa2+ 20. Kxa2 Ne5 21. Nb4
Nc7 22. h4 Qb8 23. f6 gxf6 24. gxf6 Bxf6 25. Bh6 Re8 26. Rh3 Qb7 27. Rc1 Rab8
28. Rxc7 Qxb4 29. Qxb4 Rxb4 30. Rhc3 Rbb8 31. Rc2 Bxh4 32. Ra7 Rb4 33. Bg2 Bf6
34. Bd2 Nd3 35. e5 Bxe5 36. Bd5 Rf8 37. Bh6 Bg7 38. Rg2 Rxb2+ 39. Rxb2 Bxh6 40.
Rg2+ Bg7 41. Rxa4 Kh8 42. Rh4 Ne5 43. Rgh2 h6 44. Rxh6+ Bxh6 45. Rxh6+ Kg7 46.
Rxd6 f6 47. Kb3 Rc8 48. Be4 Rc1 49. Rd2 Kf7 50. Re2 Ke6 51. Kb2 Rc5 52. Rc2
Rb5+ 53. Kc3 Rc5+ 54. Kd2 Rxc2+ 55. Kxc2 Ng4 56. Kd2 Ke5 57. Bh7 Kf4 58. Ke2
Ne5 59. Kf2 Kg5 60. Kg3 Nd7 61. Bb1 Nf8 62. Bc2 Ng6 63. Bxg6 Kxg6 64. Kg4 f5+
65. Kf4 Kf6 1/2-1/2

[Event "XtraCon-Skakligaen"]
[Site "Denmark"]
[Date "2009.03.21"]
[Round "8.4"]
[White "Nielsen, Lars Aaes"]
[Black "Greger, Roland Reinhard"]
[Result "0-1"]
[WhiteElo "2178"]
[BlackElo "2385"]
[PlyCount "80"]
[EventDate "2008.11.01"]
[EventType "team-tourn"]
[EventRounds "9"]
[EventCountry "DEN"]
[WhiteTeam "Nordkalotten"]
[BlackTeam "K41"]
[WhiteTeamCountry "DEN"]
[BlackTeamCountry "DEN"]

1. e4 e6 2. d4 d5 3. Nc3 Nf6 4. Bg5 dxe4 5. Nxe4 Be7 6. Bxf6 gxf6 7. Qd2 b6 8.
O-O-O Bb7 9. Nc3 c6 10. f4 f5 11. Nf3 Nd7 12. Bc4 b5 13. Bb3 b4 14. Na4 Qa5 15.
Rhe1 O-O-O 16. Ne5 Rhf8 17. Qe3 Nxe5 18. fxe5 Rg8 19. Qh3 h6 20. Qh5 Rdf8 21.
g3 Rg6 22. Kb1 c5 23. Qe2 Rg4 24. Nxc5 Bxc5 25. dxc5 Qxc5 26. Qd2 Bc6 27. Qxh6
a5 28. Rd6 Re8 29. Qf6 a4 30. Qxf7 axb3 31. cxb3 Kb8 32. Rxe6 Rc8 33. a4 Bd5
34. Qxf5 Bxb3 35. Rb6+ Ka7 36. Rb7+ Kxb7 37. Qf3+ Bd5 38. Qxg4 Qc2+ 39. Ka1
Qc1+ 40. Rxc1 Rxc1# 0-1

[Event "XtraCon-Skakligaen"]
[Site "Denmark"]
[Date "2009.03.21"]
[Round "8.6"]
[White "Ejsing, Esben"]
[Black "Olesen, Martin"]
[Result "1/2-1/2"]
[WhiteElo "2221"]
[BlackElo "2312"]
[PlyCount "48"]
[EventDate "2008.11.01"]
[EventType "team-tourn"]
[EventRounds "9"]
[EventCountry "DEN"]
[WhiteTeam "Nordkalotten"]
[BlackTeam "K41"]
[WhiteTeamCountry "DEN"]
[BlackTeamCountry "DEN"]

1. d4 d5 2. c4 Nc6 3. Nc3 dxc4 4. Nf3 Nf6 5. e3 Bg4 6. Bxc4 e6 7. h3 Bxf3 8.
Qxf3 a6 9. O-O Bd6 10. Rd1 e5 11. Nd5 O-O 12. Nxf6+ Qxf6 13. Qxf6 gxf6 14. Bd5
exd4 15. Bxc6 bxc6 16. Rxd4 Rfd8 17. Kf1 f5 18. Ke2 Be5 19. Rc4 Rd6 20. f4 Bg7
21. Bd2 Rad8 22. Ba5 Rg6 23. Kf3 Rd5 24. Be1 h5 1/2-1/2

[Event "XtraCon-Skakligaen"]
[Site "Denmark"]
[Date "2009.03.21"]
[Round "8.7"]
[White "Laursen, Niels Norskov"]
[Black "Koch, Soren Andreas"]
[Result "1-0"]
[WhiteElo "2188"]
[BlackElo "2201"]
[PlyCount "79"]
[EventDate "2008.11.01"]
[EventType "team-tourn"]
[EventRounds "9"]
[EventCountry "DEN"]
[WhiteTeam "K41"]
[BlackTeam "Nordkalotten"]
[WhiteTeamCountry "DEN"]
[BlackTeamCountry "DEN"]

1. e4 d5 2. exd5 Nf6 3. c4 c6 4. d4 cxd5 5. Nc3 e6 6. Nf3 Be7 7. cxd5 exd5 8.
Bb5+ Bd7 9. Bxd7+ Nbxd7 10. Qb3 Nb6 11. O-O O-O 12. Re1 Qd6 13. a3 Rae8 14. Bg5
Bd8 15. Bh4 Ne4 16. Nb5 Qb8 17. Bxd8 Rxd8 18. Ne5 Nd6 19. a4 Nbc4 20. Nc3 Nf5
21. Nf3 Na5 22. Qb5 Nc6 23. Nxd5 Nfxd4 24. Nxd4 Nxd4 25. Qc4 Rxd5 26. Qxd5 Nc2
27. Rac1 Nxe1 28. Rxe1 Rd8 29. Qb5 g6 30. g3 Qc7 31. h4 h5 32. Qb4 a5 33. Qb5
Rd4 34. b3 Rb4 35. Qe8+ Kg7 36. Re7 Qc1+ 37. Kh2 Rf4 38. gxf4 Qxf4+ 39. Kg2
Qg4+ 40. Kf1 1-0

[Event "XtraCon-Skakligaen"]
[Site "Denmark"]
[Date "2009.03.21"]
[Round "8.8"]
[White "Lilja, Richard"]
[Black "Hartung Nielsen, Jens"]
[Result "1/2-1/2"]
[WhiteElo "2101"]
[BlackElo "2209"]
[PlyCount "29"]
[EventDate "2008.11.01"]
[EventType "team-tourn"]
[EventRounds "9"]
[EventCountry "DEN"]
[WhiteTeam "Nordkalotten"]
[BlackTeam "K41"]
[WhiteTeamCountry "DEN"]
[BlackTeamCountry "DEN"]

1. e4 c5 2. Nf3 Nc6 3. d3 g6 4. g3 Bg7 5. Bg2 d6 6. O-O Nh6 7. c3 O-O 8. Nbd2
Kh8 9. Re1 e5 10. Nc4 Bg4 11. Ne3 f5 12. Nxg4 Nxg4 13. Nh4 Nh6 14. exf5 Nxf5
15. Nxf5 1/2-1/2

[Event "XtraCon-Skakligaen"]
[Site "Denmark"]
[Date "2009.03.21"]
[Round "8.1"]
[White "Hillarp Persson, Tiger"]
[Black "Matthiesen, Arne"]
[Result "1-0"]
[WhiteElo "2543"]
[BlackElo "2349"]
[PlyCount "107"]
[EventDate "2008.11.01"]
[EventType "team-tourn"]
[EventRounds "9"]
[EventCountry "DEN"]
[WhiteTeam "Bronshoj"]
[BlackTeam "SK1968"]
[WhiteTeamCountry "DEN"]
[BlackTeamCountry "DEN"]

1. d4 d5 2. c4 c6 3. Nf3 Nf6 4. e3 g6 5. Nc3 Bg7 6. Be2 O-O 7. O-O Be6 8. b3 c5
9. dxc5 Ne4 10. Nxe4 Bxa1 11. Neg5 dxc4 12. Qxd8 Rxd8 13. Nxe6 fxe6 14. Bxc4
Bf6 15. Bxe6+ Kg7 16. g4 Nc6 17. g5 Bc3 18. Ba3 b5 19. Kg2 a5 20. Rb1 Ra7 21.
Bb2 Bxb2 22. Rxb2 Rc7 23. a3 b4 24. Ra2 bxa3 25. Rxa3 h6 26. h4 Rd1 27. Bc4
hxg5 28. hxg5 e5 29. e4 Rc1 30. Ra2 Rc3 31. Ng1 Nd4 32. Rxa5 Nxb3 33. Bxb3 Rxb3
34. Nf3 Rb4 35. Nxe5 Rxe4 36. c6 Re7 37. Nd7 Rg4+ 38. Kf3 Rc4 39. Rc5 Rxc5 40.
Nxc5 Kf7 41. Kf4 Rc7 42. Nd3 Ke6 43. Ne5 Rg7 44. Ke4 Kd6 45. f4 Rg8 46. Ke3 Rg7
47. Kd4 Rg8 48. Kc4 Rg7 49. Kb5 Rg8 50. Nc4+ Kd5 51. c7 Ke4 52. Nd6+ Kxf4 53.
Nf7 Ra8 54. Kb6 1-0

[Event "XtraCon-Skakligaen"]
[Site "Denmark"]
[Date "2009.03.21"]
[Round "8.2"]
[White "Matthiesen, Martin"]
[Black "Hoi, Carsten"]
[Result "1/2-1/2"]
[WhiteElo "2298"]
[BlackElo "2371"]
[PlyCount "29"]
[EventDate "2008.11.01"]
[EventType "team-tourn"]
[EventRounds "9"]
[EventCountry "DEN"]
[WhiteTeam "SK1968"]
[BlackTeam "Bronshoj"]
[WhiteTeamCountry "DEN"]
[BlackTeamCountry "DEN"]

1. d4 g6 2. e4 Bg7 3. c4 d6 4. Nc3 Nc6 5. d5 Nd4 6. Be3 c5 7. Nge2 Qb6 8. Nxd4
cxd4 9. Na4 Qa5+ 10. b4 Qxb4+ 11. Bd2 Qa3 12. Bc1 Qb4+ 13. Bd2 Qa3 14. Bc1 Qb4+
15. Bd2 1/2-1/2

[Event "XtraCon-Skakligaen"]
[Site "Denmark"]
[Date "2009.03.21"]
[Round "8.3"]
[White "Carstensen, Jacob"]
[Black "Holst, Allan"]
[Result "1/2-1/2"]
[WhiteElo "2298"]
[BlackElo "2352"]
[PlyCount "62"]
[EventDate "2008.11.01"]
[EventType "team-tourn"]
[EventRounds "9"]
[EventCountry "DEN"]
[WhiteTeam "Bronshoj"]
[BlackTeam "SK1968"]
[WhiteTeamCountry "DEN"]
[BlackTeamCountry "DEN"]

1. d4 Nf6 2. c4 e6 3. Nf3 d5 4. Nc3 Nbd7 5. Bg5 c6 6. cxd5 exd5 7. e3 Be7 8.
Bd3 O-O 9. Qc2 Re8 10. h3 g6 11. O-O Nh5 12. Bh6 Bf8 13. Bxf8 Rxf8 14. b4 a6
15. a4 Nhf6 16. Rab1 Qe7 17. Rfc1 Nb6 18. b5 axb5 19. axb5 c5 20. dxc5 Qxc5 21.
Ne4 Nxe4 22. Qxc5 Nxc5 23. Rxc5 Ra3 24. Rd1 Na4 25. Rc2 Be6 26. Nd4 b6 27. Be2
Nc5 28. Bf3 Kg7 29. Nc6 Rb3 30. Nd4 Ra3 31. Nc6 Rb3 1/2-1/2

[Event "XtraCon-Skakligaen"]
[Site "Denmark"]
[Date "2009.03.21"]
[Round "8.5"]
[White "Palm, Nikolaj"]
[Black "Lindfeldt, Jan Magnus"]
[Result "1/2-1/2"]
[WhiteElo "2239"]
[BlackElo "2249"]
[PlyCount "81"]
[EventDate "2008.11.01"]
[EventType "team-tourn"]
[EventRounds "9"]
[EventCountry "DEN"]
[WhiteTeam "Bronshoj"]
[BlackTeam "SK1968"]
[WhiteTeamCountry "DEN"]
[BlackTeamCountry "DEN"]

1. d4 Nf6 2. c4 g6 3. Nc3 Bg7 4. e4 O-O 5. f3 d6 6. Nge2 c5 7. Be3 Nc6 8. d5
Ne5 9. Nc1 e6 10. Be2 exd5 11. cxd5 a6 12. a4 Bd7 13. O-O b5 14. axb5 axb5 15.
Rxa8 Qxa8 16. Nxb5 Qb8 17. Nc3 Qxb2 18. N1a2 Rb8 19. h3 Nh5 20. Bc1 Qa1 21. Qc2
Ng3 22. Rd1 Nxe2+ 23. Nxe2 Qb1 24. Qxb1 Rxb1 25. Nac3 Rb3 26. Bf4 Nc4 27. Rc1
h5 28. Bg3 Bf6 29. Be1 Ne5 30. Ra1 Nd3 31. Bg3 Bxc3 32. Nxc3 Rxc3 33. Bxd6 c4
34. Ra7 Rc1+ 35. Kh2 Bb5 36. Be7 Kg7 37. d6 c3 38. d7 Bxd7 39. Rxd7 Ne5 40. Rc7
Rc2 41. Kg3 1/2-1/2

[Event "XtraCon-Skakligaen"]
[Site "Denmark"]
[Date "2009.03.21"]
[Round "8.6"]
[White "Hansen, Bjarne"]
[Black "Ligaard, Morten Lund"]
[Result "0-1"]
[WhiteElo "2257"]
[BlackElo "2192"]
[PlyCount "64"]
[EventDate "2008.11.01"]
[EventType "team-tourn"]
[EventRounds "9"]
[EventCountry "DEN"]
[WhiteTeam "SK1968"]
[BlackTeam "Bronshoj"]
[WhiteTeamCountry "DEN"]
[BlackTeamCountry "DEN"]

1. d4 d5 2. c4 c6 3. Nf3 e6 4. Nc3 dxc4 5. a4 Bb4 6. e3 b5 7. Bd2 a5 8. axb5
Bxc3 9. Bxc3 cxb5 10. b3 Bb7 11. bxc4 b4 12. Bb2 Nf6 13. Bd3 O-O 14. O-O Nbd7
15. Re1 Re8 16. e4 e5 17. d5 Qc7 18. Nd2 Nc5 19. Bc2 Nfd7 20. Nb3 Ra6 21. Nxc5
Nxc5 22. Ba4 Rd8 23. Bb5 Rg6 24. Ra2 Ba6 25. Bxa6 Rxa6 26. Qd2 a4 27. f4 f6 28.
fxe5 fxe5 29. Qg5 Nd3 30. Rf1 b3 31. d6 Raxd6 32. Bxe5 bxa2 0-1

[Event "XtraCon-Skakligaen"]
[Site "Denmark"]
[Date "2009.03.21"]
[Round "8.7"]
[White "Petersen, Steen"]
[Black "Hansen, Lars"]
[Result "0-1"]
[WhiteElo "2135"]
[BlackElo "2212"]
[PlyCount "62"]
[EventDate "2008.11.01"]
[EventType "team-tourn"]
[EventRounds "9"]
[EventCountry "DEN"]
[WhiteTeam "Bronshoj"]
[BlackTeam "SK1968"]
[WhiteTeamCountry "DEN"]
[BlackTeamCountry "DEN"]

1. e4 g6 2. d4 Bg7 3. Nc3 c6 4. Bc4 d6 5. Qf3 e6 6. Nge2 b5 7. Bb3 a5 8. a4 b4
9. Nd1 Ba6 10. Be3 Nd7 11. Qg3 e5 12. c3 Ngf6 13. f3 Qe7 14. Qf2 O-O 15. g4
exd4 16. cxd4 c5 17. g5 cxd4 18. Bxd4 Ng4 19. fxg4 Qxe4 20. Bxg7 Qxh1+ 21. Kd2
Kxg7 22. Ng3 Qc6 23. Rc1 Qb6 24. Qf4 Ne5 25. Ne3 Rfe8 26. Nd5 Nf3+ 27. Qxf3
Qd4+ 28. Kc2 Rac8+ 29. Kb1 Qd3+ 30. Qxd3 Bxd3+ 31. Bc2 Bxc2+ 0-1

[Event "XtraCon-Skakligaen"]
[Site "Denmark"]
[Date "2009.03.21"]
[Round "8.8"]
[White "Christensen, Thomas"]
[Black "Varberg, Kenneth"]
[Result "1/2-1/2"]
[WhiteElo "2245"]
[BlackElo "2171"]
[PlyCount "102"]
[EventDate "2008.11.01"]
[EventType "team-tourn"]
[EventRounds "9"]
[EventCountry "DEN"]
[WhiteTeam "SK1968"]
[BlackTeam "Bronshoj"]
[WhiteTeamCountry "DEN"]
[BlackTeamCountry "DEN"]

1. d4 d5 2. c4 e6 3. Nc3 Nf6 4. cxd5 exd5 5. Bg5 Be7 6. e3 O-O 7. Bd3 c6 8.
Nge2 Ne4 9. Bf4 f5 10. f3 Nxc3 11. bxc3 Nd7 12. Qc2 g6 13. g4 Bh4+ 14. Kd2 Nb6
15. h3 Qe7 16. Raf1 Be6 17. Rhg1 Nc4+ 18. Kc1 Qa3+ 19. Kb1 Rf7 20. Nc1 Re8 21.
Nb3 b5 22. Nc5 Qxc5 23. dxc5 Na3+ 24. Kc1 Nxc2 25. Kxc2 Be7 26. a4 a6 27. axb5
axb5 28. Ra1 fxg4 29. Ra6 Bd7 30. fxg4 Bxc5 31. Rg3 Kg7 32. h4 h6 33. g5 h5 34.
Kd2 Rfe7 35. Bc2 Re6 36. Bd3 Bc8 37. Ra8 Bb7 38. Rxe8 Rxe8 39. Rf3 b4 40. cxb4
Bxb4+ 41. Kc2 Bc8 42. Bc7 Rf8 43. Be5+ Kh7 44. Bf6 Be7 45. e4 Bxf6 46. gxf6
dxe4 47. Bxe4 Bd7 48. Kc3 Kh6 49. Kd4 Bg4 50. Rf1 Bh3 51. Rh1 Bg4 1/2-1/2

[Event "XtraCon-Skakligaen"]
[Site "Denmark"]
[Date "2009.03.21"]
[Round "8.1"]
[White "Nielsen, Peter Heine"]
[Black "Pedersen, Nicolai Vesterbaek"]
[Result "1-0"]
[WhiteElo "2662"]
[BlackElo "2417"]
[PlyCount "63"]
[EventDate "2008.11.01"]
[EventType "team-tourn"]
[EventRounds "9"]
[EventCountry "DEN"]
[WhiteTeam "Helsinge"]
[BlackTeam "Aalborg"]
[WhiteTeamCountry "DEN"]
[BlackTeamCountry "DEN"]

1. Nf3 Nf6 2. c4 g6 3. Nc3 Bg7 4. d4 O-O 5. g3 d6 6. Bg2 Nc6 7. O-O a6 8. h3
Rb8 9. e4 Na5 10. Qe2 b5 11. e5 Ne8 12. cxb5 axb5 13. b4 Nc6 14. a3 dxe5 15.
dxe5 Nd4 16. Nxd4 Qxd4 17. Nd5 Qxa1 18. Nxe7+ Kh8 19. Bb2 Qxf1+ 20. Qxf1 Be6
21. Nc6 Rb6 22. Bd4 Ra6 23. Qxb5 Rxa3 24. Bc5 Rg8 25. Ne7 Rf8 26. Bc6 Bb3 27.
Nxg6+ hxg6 28. Bxf8 Bxf8 29. Bxe8 Ra4 30. Bxf7 Ra1+ 31. Kg2 Bxf7 32. e6 1-0

[Event "XtraCon-Skakligaen"]
[Site "Denmark"]
[Date "2009.03.21"]
[Round "8.2"]
[White "Pedersen, Erik"]
[Black "Cmilyte, Viktorija"]
[Result "1/2-1/2"]
[WhiteElo "2417"]
[BlackElo "2512"]
[PlyCount "84"]
[EventDate "2008.11.01"]
[EventType "team-tourn"]
[EventRounds "9"]
[EventCountry "DEN"]
[WhiteTeam "Aalborg"]
[BlackTeam "Helsinge"]
[WhiteTeamCountry "DEN"]
[BlackTeamCountry "DEN"]

1. b3 e5 2. Bb2 Nc6 3. e3 Nf6 4. c4 d5 5. cxd5 Nxd5 6. a3 Bd6 7. Bc4 Nb6 8. Be2
O-O 9. Qc2 Be6 10. d3 Qe7 11. Nf3 f6 12. Nbd2 a5 13. O-O Rfd8 14. Kh1 Qf7 15.
Rg1 Nd7 16. Rab1 Bf8 17. d4 exd4 18. Nxd4 Nxd4 19. Bxd4 Bxa3 20. Qxc7 Bb4 21.
Ne4 Rac8 22. Qg3 Qg6 23. Bf3 Rc2 24. Qh4 Qf7 25. Ng3 Be7 26. Bxb7 f5 27. Qf4
Nf8 28. Ba6 Ng6 29. Qf3 Nh4 30. Qf4 Ng6 31. Qf3 f4 32. Ne2 Bxb3 33. Bd3 Rd2 34.
Bxg6 hxg6 35. Nxf4 g5 36. Rxb3 Qxb3 37. Ng6 Qe6 38. Qh5 Bf6 39. Qh8+ Kf7 40.
Qh5 Kg8 41. Qh8+ Kf7 42. Qh5 Kg8 1/2-1/2

[Event "XtraCon-Skakligaen"]
[Site "Denmark"]
[Date "2009.03.21"]
[Round "8.3"]
[White "Glud, Jakob Vang"]
[Black "Luch, Michal"]
[Result "1/2-1/2"]
[WhiteElo "2444"]
[BlackElo "2411"]
[PlyCount "117"]
[EventDate "2008.11.01"]
[EventType "team-tourn"]
[EventRounds "9"]
[EventCountry "DEN"]
[WhiteTeam "Helsinge"]
[BlackTeam "Aalborg"]
[WhiteTeamCountry "DEN"]
[BlackTeamCountry "DEN"]

1. d4 d5 2. c4 e6 3. Nf3 Nf6 4. Nc3 Be7 5. Bg5 O-O 6. e3 h6 7. Bh4 Ne4 8. Bxe7
Qxe7 9. Rc1 Nxc3 10. Rxc3 c6 11. Qc2 Nd7 12. a3 dxc4 13. Bxc4 e5 14. O-O exd4
15. exd4 Nb6 16. Ba2 Qf6 17. Re1 Bf5 18. Qd2 Qd6 19. Rce3 Nd5 20. Bxd5 cxd5 21.
Rc3 Rac8 22. Rxc8 Rxc8 23. Rc1 b6 24. Rxc8+ Bxc8 25. Qc3 Bd7 26. Qe3 f6 27. h3
Kf7 28. Qc1 Kf8 29. Nh2 g5 30. Nf1 h5 31. Ne3 h4 32. Qd1 Kg7 33. Qb3 Be6 34.
Qc3 Bd7 35. Qb3 Be6 36. Qc3 Bd7 37. b4 Kf7 38. Qd3 Qc6 39. Qh7+ Kf8 40. Qh8+
Kf7 41. Qh7+ Kf8 42. Qh8+ Kf7 43. Qb8 a5 44. bxa5 bxa5 45. Qa7 a4 46. Qa5 Qc1+
47. Kh2 Qxa3 48. Qxd5+ Be6 49. Qc6 Ke7 50. Qc7+ Bd7 51. Nf5+ Ke6 52. d5+ Kxf5
53. Qxd7+ Kg6 54. d6 Qb4 55. Qc6 Qf4+ 56. Kg1 a3 57. d7 a2 58. Qc2+ Qf5 59.
Qxa2 1/2-1/2

[Event "XtraCon-Skakligaen"]
[Site "Denmark"]
[Date "2009.03.21"]
[Round "8.4"]
[White "Pedersen, Daniel Vesterbaek"]
[Black "Hutters, Tomas"]
[Result "0-1"]
[WhiteElo "2251"]
[BlackElo "2413"]
[PlyCount "112"]
[EventDate "2008.11.01"]
[EventType "team-tourn"]
[EventRounds "9"]
[EventCountry "DEN"]
[WhiteTeam "Aalborg"]
[BlackTeam "Helsinge"]
[WhiteTeamCountry "DEN"]
[BlackTeamCountry "DEN"]

1. e4 c5 2. c3 e6 3. d4 d5 4. exd5 exd5 5. Nf3 Nc6 6. g3 cxd4 7. Nxd4 Bc5 8.
Be3 Nxd4 9. cxd4 Bb6 10. Nc3 Ne7 11. Bg2 O-O 12. O-O Be6 13. Qb3 Rc8 14. Rfd1
Rc4 15. Na4 Nf5 16. Nxb6 Qxb6 17. Qxb6 axb6 18. Rac1 Rfc8 19. Rxc4 Rxc4 20. Rd3
Nxe3 21. fxe3 Rc1+ 22. Kf2 Rc2+ 23. Kf1 Rxb2 24. Ra3 Kf8 25. Ra7 Ke7 26. Rxb7+
Kd6 27. h4 Kc6 28. Ra7 Kb5 29. Bf3 Kc4 30. Be2+ Kc3 31. Ke1 Rb1+ 32. Kf2 Kd2
33. Ra3 b5 34. Ra5 b4 35. Bf3 Rb2 36. Bxd5 Bxd5 37. Rxd5 Rxa2 38. Rd7 Kd3+ 39.
Kf3 Re2 40. Rxf7 Rxe3+ 41. Kf4 Re4+ 42. Kg5 Rxd4 43. Rxg7 b3 44. Rb7 Kc3 45.
Kh6 Rb4 46. Rf7 b2 47. Rf1 b1=Q 48. Rxb1 Rxb1 49. Kxh7 Kd4 50. h5 Ke5 51. Kg6
Rb6+ 52. Kg5 Ke6 53. Kg6 Ke7+ 54. Kg7 Rb4 55. h6 Rg4+ 56. Kh8 Kf7 0-1

[Event "XtraCon-Skakligaen"]
[Site "Denmark"]
[Date "2009.03.21"]
[Round "8.5"]
[White "Bekker Jensen, Simon"]
[Black "Nielsen, Steffen"]
[Result "1-0"]
[WhiteElo "2410"]
[BlackElo "2237"]
[PlyCount "73"]
[EventDate "2008.11.01"]
[EventType "team-tourn"]
[EventRounds "9"]
[EventCountry "DEN"]
[WhiteTeam "Helsinge"]
[BlackTeam "Aalborg"]
[WhiteTeamCountry "DEN"]
[BlackTeamCountry "DEN"]

1. d4 Nf6 2. c4 g6 3. Nc3 Bg7 4. e4 d6 5. Be2 O-O 6. Bg5 a6 7. Qd2 c5 8. d5 b5
9. cxb5 Nbd7 10. f3 axb5 11. Bxb5 Ba6 12. Bxa6 Rxa6 13. Nge2 Qa8 14. O-O Rb8
15. Rab1 Ne8 16. f4 Nef6 17. Qc2 Rab6 18. Bh4 Qa6 19. h3 Rb4 20. b3 Re8 21. Bf2
e6 22. dxe6 Rxe6 23. Ng3 Qa8 24. Rbd1 Qb8 25. Qd3 h5 26. Rfe1 Bh6 27. e5 dxe5
28. f5 e4 29. Ncxe4 Nxe4 30. fxe6 Nxf2 31. Qxd7 Nxh3+ 32. Kh2 Ng5 33. Qd8+ Kg7
34. Qxb8 Rxb8 35. e7 Ne6 36. Rxe6 fxe6 37. Rd8 1-0

[Event "XtraCon-Skakligaen"]
[Site "Denmark"]
[Date "2009.03.21"]
[Round "8.6"]
[White "Hjorth, Torben"]
[Black "Andersson, Bjorn"]
[Result "0-1"]
[WhiteElo "2159"]
[BlackElo "2286"]
[PlyCount "82"]
[EventDate "2008.11.01"]
[EventType "team-tourn"]
[EventRounds "9"]
[EventCountry "DEN"]
[WhiteTeam "Aalborg"]
[BlackTeam "Helsinge"]
[WhiteTeamCountry "DEN"]
[BlackTeamCountry "DEN"]

1. e4 c5 2. Nf3 Nc6 3. Bb5 d6 4. Bxc6+ bxc6 5. O-O e5 6. Nc3 g5 7. d3 Be7 8.
Rb1 h5 9. a3 a5 10. b4 g4 11. Ne1 axb4 12. axb4 cxb4 13. Rxb4 h4 14. Rb1 Nf6
15. f4 g3 16. h3 Qa5 17. Ne2 Qa7+ 18. Kh1 Rg8 19. Bb2 exf4 20. Nxf4 Qc5 21. Nf3
Ra2 22. c4 Qe3 23. Bc1 Qa7 24. Bb2 Nd7 25. e5 dxe5 26. Bxe5 Kd8 27. Bd4 c5 28.
Ne5 Nxe5 29. Bxe5 f6 30. Bb8 Qa8 31. d4 Bxh3 32. dxc5+ Kc8 33. Qd5 Qxd5 34.
cxd5 Bxg2+ 35. Nxg2 h3 36. Ne3 g2+ 37. Kg1 h2+ 38. Bxh2 gxf1=Q+ 39. Kxf1 Rxh2
40. Rb5 Rg3 41. Nc4 Rc3 0-1

[Event "XtraCon-Skakligaen"]
[Site "Denmark"]
[Date "2009.03.21"]
[Round "8.7"]
[White "Bekker Jensen, David"]
[Black "Nielsen, Jorgen G"]
[Result "1-0"]
[WhiteElo "2310"]
[BlackElo "2159"]
[PlyCount "77"]
[EventDate "2008.11.01"]
[EventType "team-tourn"]
[EventRounds "9"]
[EventCountry "DEN"]
[WhiteTeam "Helsinge"]
[BlackTeam "Aalborg"]
[WhiteTeamCountry "DEN"]
[BlackTeamCountry "DEN"]

1. d4 Nf6 2. c4 e6 3. Nc3 Bb4 4. e3 d5 5. a3 Bxc3+ 6. bxc3 O-O 7. cxd5 exd5 8.
Bd3 b6 9. Ne2 Ba6 10. O-O c5 11. f3 Re8 12. Bxa6 Nxa6 13. Qd3 Nb8 14. Ng3 Nc6
15. Bb2 c4 16. Qd2 h5 17. Rae1 g6 18. Re2 h4 19. Nh1 Re6 20. Nf2 Qe7 21. Rfe1
Re8 22. e4 Na5 23. Qg5 Nh5 24. Bc1 Nb3 25. Qxe7 R6xe7 26. Bg5 f6 27. Bxh4 g5
28. Bg3 Nxg3 29. hxg3 b5 30. Ng4 Kg7 31. Ne3 dxe4 32. Nf5+ Kf7 33. Nxe7 Rxe7
34. fxe4 a5 35. e5 b4 36. axb4 axb4 37. e6+ Kf8 38. d5 bxc3 39. d6 1-0